| 000 | 01159nam a22003137a 4500 | ||
|---|---|---|---|
| 003 | CHAP | ||
| 005 | 20220329141756.0 | ||
| 008 | 971013s1984 r 00010 d | ||
| 010 | _a73621 | ||
| 011 | _a74593 | ||
| 035 | _a84152 | ||
| 040 | _cCHAP | ||
| 090 | _aTesis | ||
| 100 | 0 | 0 |
_aAldaba Meza, José Luis. _93667 |
| 245 | _aEfecto de la fertilización nitrogenada y número de aplicaciones al suelo sobre el rendimiento y desarrollo del chile jalapeño (Capsicum annum L.) en Cd. Delicias, Chih. | ||
| 260 |
_aCd. Delicias, Chih. : _bEl autor, _c1984 |
||
| 300 |
_a68 h. _b; gráfs. |
||
| 502 | _aTesis (Ing. Agr. Fitotecnista) -- Univ. Autónoma de Chihuahua. Fac. de Ciencias Agrícolas | ||
| 590 |
_aALEPH _b10 _c20130110 _lUCH01 _h1416 |
||
| 590 |
_aBATCH-UPD _b10 _c20130110 _lUCH01 _h0749 |
||
| 590 |
_aBATCH-UPD _b10 _c20130410 _lUCH01 _h0429 |
||
| 590 |
_aBATCH-UPD _b10 _c20130913 _lUCH01 _h2359 |
||
| 590 |
_aCONVERSION _b10 _c20130109 _lUCH01 _h1340 |
||
| 650 | 1 | 4 |
_aChile jalapeño _xRendimiento. _922436 |
| 650 | 1 | 4 |
_aNitrógeno _xEfecto en chile jalapeño. _981424 |
| 901 | _aBK | ||
| 942 | _cTESIS | ||
| 949 |
_bBC _cTES _d-39328 _eTS1 _i84152 _si |
||
| 999 |
_c73621 _d73621 |
||